000 00186 a2200097 4500
020 _a9780553378764
041 _aeng
100 _aCallanan maggie
245 _aFinal gifts
942 _cBK
999 _c10950
_d10950